Shōkō-ken : (Record no. 581468)

MARC details
000 -LEADER
fixed length control field 00465nam a2200193 a 4500
008 - FIXED-LENGTH DATA ELEMENTS--GENERAL INFORMATION
fixed length control field 250812s2002##################000#0#eng##
020 ## - INTERNATIONAL STANDARD BOOK NUMBER
ISBN 9780415944038
082 04 - DEWEY DECIMAL CLASSIFICATION NUMBER
Classification number 722.12
Item number WAL
100 1# - MAIN ENTRY--AUTHOR NAME
Personal name Walker, Robin Noel,
245 10 - TITLE STATEMENT
Title Shōkō-ken :
260 ## - PUBLICATION, DISTRIBUTION, ETC. (IMPRINT)
Name of publisher Psychology Press,
Year of publication 2002.
300 ## - PHYSICAL DESCRIPTION
Number of Pages 346 pages
650 #0 - SUBJECT ADDED ENTRY--TOPICAL TERM
Topical Term Architecture.
942 ## - ADDED ENTRY ELEMENTS (KOHA)
Koha item type English Books
Holdings
Withdrawn status Lost status Damaged status Not for loan Home library Current library Shelving location Date acquired Full call number Accession Number Price effective from Koha item type
        Anna Centenary Library Anna Centenary Library 6TH FLOOR, B WING 12.08.2025 722.12 WAL 179200 12.08.2025 English Books

Find us on the map